000 004980000a22001930004500
999 _c47822
_d47822
001 618
003 CO-MdFUSB
005 20180925144705.0
008 180925b xxu||||| |||| 00| 0 eng d
020 _a0-394-96881-6
040 _cCO-MdBIC
082 0 4 _a813C B45ma
110 1 _aBerenstain, Stan & Jan
245 1 0 _aThe Berenstain Bears and Mamas New Job / Stan & Jan Berenstain
260 _aNew York : Random House
300 _a[ 32 p. ]
650 1 4 _aLiteratura Infantil
942 _cLGB